000 00974nac a22002897a 4500
001 BR8903503
003 BR-BrBNA
005 20240105120956.0
008 230509b bl.|||m| |||| 00| 0 por d
040 _aBR-BrBNA
_bpor
_cBiblioteca Nacional de Agricultura
072 _aK10
090 _a3000 BR8903503
100 1 _aZani Filho, J.
100 1 _aBalloni, E.A.
100 1 _aStape, J.L.
110 1 _aInstituto de Pesquisas e Estudos Florestais, Piracicaba, SP (Brasil)
_96160
245 1 _aViveiro de mudas florestais - analise de um sistema operacional atual e pespectivas futuras
260 3 _aPiracicaba, SP (Brasil):
_c1989.
300 _a15 p.
490 _aCircular Tecnica - Instituto de Pesquisas e Estudos Florestais (Brazil)
_vno. 168
_xISSN 0100-3453
500 _a11 illus.; 6 tables; 13 ref.
650 _aARVORE FLORESTAL
650 _aMUDA
650 _aVIVEIRO
909 _a202312
_bLúcia Elande
_c55
_dLúcia Elande
942 _2AGRIS
_n0
_cMS
999 _c282547
_d282547